1st. National report on wild fauna traffic in Brazil (Registro nro. 6822)

Detalles MARC
000 -CABECERA
Campo de control 00834nam a2200217 4500
005 - FECHA Y HORA DE LA ULTIMA TRANSACCION
Campo de control 20160527154845.0
008 - ELEMENTOS DE LONGITUD FIJA—INFORMACION GENERAL
Campo de control 160527n bl ao|||r|||| 00| 0 spa d
040 ## - FUENTE DE CATALOGACIÓN
Agencia catalogadora original CO-BoIAVH
Agencia transcriptora CO-BoIAVH
041 0# - IDIOMA
Código de idioma para texto/pista de sonido o título separado Inglés
044 ## - PAÍS DE PUBLICACIÓN
País de publicación Brasil
082 04 - NUMERO DE CLASIFICACION DECIMAL DEWEY
Número de clasificación 343.0853
Número del ítem N27r
245 15 - MENCION DE TITULO
Título 1st. National report on wild fauna traffic in Brazil
260 ## - PUBLICACION, DISTRIBUCION, ETC. (PIE DE IMPRENTA)
Lugar de publicación, distribución, etc. Brasília :
Nombre del editor, distribuidor, etc. RENCTAS :
-- Ministry of the Environment,
Fecha de publicación, distribución, etc. 2001.
300 ## - DESCRIPCION FISICA
Extensión 108 páginas :
Otros detalles físicos ilustraciones a color, tablas, gráficas a color y fotografías a color ;
Dimensiones 32 x 22 cm.
500 ## - NOTA GENERAL
Nota general Incluye índice.
504 ## - NOTA DE BIBLIOGRAFIA, ETC.
Nota de bibliografía Incluye referencias bibliográficas.
650 16 - ASIENTO SECUNDARIO DE MATERIA - TERMINO TEMATICO
Término temático o nombre geográfico como elemento de entrada Fauna
Subdivisión general comercio
Subdivisión geográfica Brasil
Subdivisión de forma Reportes
9 (RLIN) 71040
650 24 - ASIENTO SECUNDARIO DE MATERIA - TERMINO TEMATICO
Término temático o nombre geográfico como elemento de entrada Comercio de especies silvestres
Subdivisión geográfica Brasil
9 (RLIN) 71041
710 2# - ASIENTO SECUNDARIO - NOMBRE CORPORATIVO
Nombre corporativo o de jurisdicción como elemento de entrada Rede Nacional de Combate ao Tráfico de Animais Silvestres (Brazil)
9 (RLIN) 71042
942 ## - ELEMENTOS ADICIONALES (KOHA)
Tipo de ítem Libro
Sistema de clasificación Dewey Decimal Classification
Existencias
Withdrawn status Lost status Sistema de Clasificación Damaged status No para préstamo Colección Inventariado Ubicación Permanente Ubicación actual Fecha de adquisición Fuente de Valor Valor Total Checkouts Número topográfico Inventario / Código de Barras Date last seen Ejemplar Price effective from Forma de adquisición Tipo de material
    Dewey Decimal Classification     General Inventariado 2017 Sala Fabio Quevedo Sala Fabio Quevedo 08/05/2009 Instituto 39000.00   LB-343.0853 N27r 026978 04/12/2012 Ej. 1 04/12/2012 Donación Libro